01141nam a2200289 i 4500001000300000100001900003245012600022246006400148260003700212300002800249490002200277500014200299504002200441650001400463650003000477655003000507700003200537700003300569700003300602830002200635020001500657040000800672041001300680080001900693008004100712856009800753bg1 aAHO, Alfred V.10aProjektowanie i analiza algorytmów /cAlfred V. Aho, John E. Hopcroft, Jeffrey D. Ullman ; [tł. Wojciech Derechowski]. iTyt. oryg.:aThe design and analysis of computer algorithms aGliwice :b"Helion",ccop. 2003. a488 s. :bil. ;c25 cm.1 aKanon Informatyki aTyt. oryg.: "The design and analysis of computer algorithms" 1974. Na okł. podtyt.: klasyczna praca z teorii algorytmów komputerowych. aBibliogr. Indeks. 9aAlgorytmy 9aProgramowanie (informat.) aPodręczniki akademickie1 aHOPCROFT, John E.d(1939- )1 aULLMAN, Jeffrey D.d(1942- )1 aDERECHOWSKI, Wojciech.eTł. aKanon Informatyki a8371977700 cBPK1 apolheng a004.421(075.8) s pl f |000 0 pol  uhttp://koha.tu.koszalin.pl/cgi-bin/koha/opac-detail.pl?biblionumber=43568yKatalog online BPK